| 000 | 01038nam a22003857a 4500 | ||
|---|---|---|---|
| 001 | BR0603406 | ||
| 003 | BR-BrBNA | ||
| 005 | 20230928102230.0 | ||
| 007 | ta | ||
| 008 | 230509b bl.||||| |||| 00| 0 por d | ||
| 040 |
_aBR-BrBNA _bpor _cBiblioteca Nacional de Agricultura |
||
| 041 | _a(Eng, Spa, Por) | ||
| 072 | _aE14; E70 | ||
| 090 | _ E14 BR0603406 | ||
| 110 | 1 |
_aMinistério das Relações Exteriores, Brasília, DF (Brasil) _97083 |
|
| 245 | 1 | _aAgronegócio no Brasil; Agribusiness in Brazil; El negocio del agro en Brasil | |
| 260 | 3 |
_aBrasília, DF (Brasil): _c2005. |
|
| 300 | _a147 p. | ||
| 500 | _a45 illus. | ||
| 650 | _aAGRONEGÓCIO | ||
| 650 | _aPESQUISA | ||
| 650 | _aSOJA | ||
| 650 | _aFRANGO | ||
| 650 | _aCARNE | ||
| 650 | _aCOURO | ||
| 650 | _aCANA DE AÇÚCAR | ||
| 650 | _aCAFÉ | ||
| 650 | _aFRUTICULTURA | ||
| 650 | _aINDÚSTRIA AGRÍCOLA | ||
| 650 | _aLEITE | ||
| 650 | _aRECURSO FLORESTAL | ||
| 650 | _aCOMÉRCIO EXTERIOR | ||
| 909 |
_a202309 _bLucia _c55 _dLucia Elande |
||
| 942 | _cBK | ||
| 999 |
_c69768 _d69768 |
||